Регионална библиотека "Любен Каравелов" - Русе

Едит Пиаф (Запис номер 126624)

MARC детайли
000 -Лидер
Контролно поле с фиксирана дължина 02282nam a2200469 c 4500
003 - Код на организацията, давaща контролен номер
Контролно поле BLK
005 - Дата и час на последна редакция
Контролно поле 20250305091952.0
008 - Елементи от данни с фиксирана дължина
fixed length control field 180409b bul|||||r ||||||| ||bul||
010 ## - Наследен системен номер
LC control number KNG00132312000
040 ## - Източник на каталожния запис
Идентификатор на билиотеката - собственик на записа BLK
041 ## - Код за език
Код за езика на текст/звукозапис или на отделно заглавие Български
Код за езика КДБФ Български
080 ## - УДК
Текстов определител УДК Френска литература
УДК код - определител по УДК 821.133.1
УДК определител -312.6
УДК - код + определител 821.133.1-312.6
080 ## - УДК
Текстов определител УДК Други видове песни. Изпълнители
УДК код - определител по УДК 784.7.071.2
УДК определител (44)(092)(0:82-31)
УДК - код + определител 784.7.071.2(44)(092)(0:82-31)
080 ## - УДК
Текстов определител УДК Едит Джована Гасион. Френска естрадна певица, представителка на френския шансон, смятана за символ на Франция
УДК код - определител по УДК 929 Пиаф, Едит
УДК определител
УДК - код + определител 929 Пиаф, Едит
100 1# - Редна дума - Автор
Автор Берто, Симон
Авторска отговорност първи автор
R(LIN) 313525
139 ## - Редно поле
Редна дума Берто, Симон
Авторски знак Беро - Б 40
245 10 - Сведения за заглавието
Заглавие Едит Пиаф
Подзаглавни данни Биогр. повест
Редно поле (дума) Симон Берто; прев. от фр. Никола Ненов Шивачев; предг. от Олга Владимирова Шурбанова.
250 ## - Област на изданието
Сведения за изданието 2. изд.
257 ## - Страна на издаване
Страна на създаване/издаване Франция
260 ## - Област на издателските данни
-- София
Име на издателя, разпространителя и проч. Музика
Година на издаване 1985
Печатница Ямбол : Г. Димитров
300 ## - Физическа характеристика
Страници 520 с., 8 л.
Илюстрации и др. ил.
Размери/Мащаб 20 см
380 ## - Жанр
Жанр Худож. лит.
490 1# - СЕРИИ (Колекции)
Име на серия Книга за бележити музиканти
500 ## - Общи забележки
Забележка Ориг. загл. Piaf / Simon Berteaut. - 1. изд. 1982. - 80 000 тир.
600 #0 - Име на лице, използвано като предмет
За него / За нея Пиаф, Едит
9 (RLIN) 376871
650 #4 - Допълнително описание по предмет – тема
Основно описание – тема или топоним Естрадни изпълнители, френски
9 (RLIN) 279269
650 #4 - Допълнително описание по предмет – тема
Основно описание – тема или топоним Певци, естрадни
9 (RLIN) 313526
650 #4 - Допълнително описание по предмет – тема
Основно описание – тема или топоним Певци, френски
9 (RLIN) 313527
650 #4 - Допълнително описание по предмет – тема
Основно описание – тема или топоним Пиаф, Едит
9 (RLIN) 376871
651 #4 - Допълнително описание по предмет - топоним
Географско понятие Франция
9 (RLIN) 179722
653 ## - Ключова дума – ненормативна
Ключова дума Едит Пиаф
653 ## - Ключова дума – ненормативна
Ключова дума певци
653 ## - Ключова дума – ненормативна
Ключова дума романизувани биографии
700 1# - Други автори (авторска отговорност)
Лично име Шивачев, Никола Ненов
Автороска отговорност (Описва отношението между автора и произведението) прев. от фр.
9 (RLIN) 376065
700 ## - Други автори (авторска отговорност)
Лично име Шурбанова, Олга Владимирова
Дати, свързани с автора 1945-
9 (RLIN) 291365
852 ## - Местоположение
Форматна сигнатура Цб 138344
856 4# - Електронен адрес и достъп
Електронен формат pdf - файл
Път до файла /url/
856 4# - Електронен адрес и достъп
Електронен формат pdf - файл
Път до файла /url/
942 ## - АРТИКУЛИ
Вид на библиотечния материал Книги
Скрит в OPAC Не
Koha issues (borrowed), all copies 2
944 ## - СЪЗДАВАНЕ И РЕДАКЦИЯ на ЗАПИСА
Създаване/Редакция Създаване
Дата на регистрацията/редакция 20.07.2012
Статус, дата на статуса Кети Илиева
Служител, извършил регистрацията/редакцията 30550
944 ## - СЪЗДАВАНЕ И РЕДАКЦИЯ на ЗАПИСА
Създаване/Редакция Редакция
Дата на регистрацията/редакция 22.06.2016
Статус, дата на статуса ф / 20.07.2012
Служител, извършил регистрацията/редакцията Людмила_Стоянова
999 ## - СИСТЕМНИ КОНТРОЛНИ НОМЕРА
Koha biblionumber 126624
Koha biblioitemnumber 126624
Наличности
Код за отписване Код за изгубен артикул Източник на класификационната схема Код за повреда Коз за рестрикции Код за отдаване Артикулен № Име на библиотеката - собственик Име на библиотеката, в която се намира в момента Статус (Текущо местоположение) Дата на вписване в системата Местоположение - отдел Цена в лева Инвентарен номер Систематично азбучна сигнатура Баркод Номер на екземпляра Цена в евро Служебна бележка Служебен тип на артикула
  Не е изгубен Universal Decimal Classification Не е повреден без рестрикции ползва се в читалня 205950 Регионална библиотека "Любен Каравелов" Русе Регионална библиотека "Любен Каравелов" Русе Хранилище 1985-01-01 Хранилище 2.71 439313 Цб 138344 120000439313 1 1.39 Дост: Dp Вид: Д N: стар фонд Дата: 01.01.1985 Книги
  Не е изгубен   Не е повреден без рестрикции заемане за дома 205951 Регионална библиотека "Любен Каравелов" Русе Регионална библиотека "Любен Каравелов" Русе Заемна - подръчен фонд 2016-06-21 Заемна - подръчен фонд 12.00 120000801307 П 840-31/Б 40 120000801307 2 6.14 Дост: DA Вид: А N: 23 Дата: 21.06.2016 Дата инв: 09.02.2018 Бележки инв: П2018 Книги
Vip Innovations Ltd, Rousse, Bulgaria 2025